000 00320nam a2200109Ia 4500
008 200302s9999 xx 000 0 und d
100 _aKohn Poedersen Fox
245 _aKohn Pedersen Fox -Master Architect Series - Selected Current Works
260 _bImages Publications Group, Australia
260 _c1997
300 _a255
999 _c4736
_d4736